Top 20 players in the NRL 2019 - Statistics

General Stats
  • This quiz has been taken 185 times
    182 since last reset
  • The average score is 9 of 20
Answer Stats
no. Team Answer % Correct
1 Melbourne Storm Cameron Smith
94%
2 Sydney Roosters James Tedesco
90%
4 Penrith Panthers Nathan Cleary
84%
8 Sydney Roosters Lattrell Mitchell
66%
14 Manly Sea Eagles Daly Cherry-Evans
65%
10 Newcastle Knights Kalyn Ponga
64%
13 Melbourne Storm Cameron Munster
63%
3 Manly Sea Eagles tom trbojevic
61%
5 Melbourne Storm Josh Addo-Car
49%
6 Brisbane Broncos Payne Haas
49%
17 St George Illawara Dragons Ben Hunt
46%
7 Sydney Roosters Boyd Cordner
37%
15 South Sydney Rabbitohs Damien Cook
31%
16 South Sydney Rabbitohs Sam Burgess
23%
9 Canberra Raiders Josh Hodgson
22%
20 Brisbane Broncos Corey Oates
14%
18 Cronulla Sutherland Sharks Josh Morris
13%
12 Parramatta Eels Blake Ferguson
12%
19 West Sydney Tigers Esan Marsters
2%
11 North Queensland Cowboys Jason Taumaulo
2%
No matching quizzes found
Score Distribution
Percent of People with Each Score
Percentile by Number Answered
Your Score History
You have not taken this quiz since the last reset